Catálogo

Crónicas de la compañía de Jesús en la Nueva España / (Registro nro. 30752)

Detalles MARC
000 -LEADER
fixed length control field 01064cam a2200289 i 4500
001 - CONTROL NUMBER
control field 30752
003 - CONTROL NUMBER IDENTIFIER
control field Mx-PuUPA
005 - DATE AND TIME OF LATEST TRANSACTION
control field 20240718110106.0
008 - FIXED-LENGTH DATA ELEMENTS--GENERAL INFORMATION
fixed length control field 140415s1995 mx r 000 0 spa d
020 ## - INTERNATIONAL STANDARD BOOK NUMBER
International Standard Book Number 9683637760
040 ## - CATALOGING SOURCE
Description conventions rda
Transcribing agency Mx-PuUPA
Original cataloging agency Mx-PuUPA
Language of cataloging spa
Modifying agency Mx-PuUPA
041 0# - LANGUAGE CODE
Language code of text/sound track or separate title spa
245 10 - TITLE STATEMENT
Title Crónicas de la compañía de Jesús en la Nueva España /
Statement of responsibility, etc. prologo y selección, Francisco González de Cossío.
250 ## - EDITION STATEMENT
Edition statement Tercera edición
264 #1 - PRODUCTION, PUBLICATION, DISTRIBUTION, MANUFACTURE, AND COPYRIGHT NOTICE
Place of production, publication, distribution, manufacture México, D.F. :
Name of producer, publisher, distributor, manufacturer Universidad Nacional Autónoma de México,
Date of production, publication, distribution, manufacture, or copyright notice 1995
300 ## - PHYSICAL DESCRIPTION
Extent xxii, 253 páginas ;
Dimensions 18 cm
336 ## - CONTENT TYPE
Content type term texto
Fuente rdacontent
Content type code txt
337 ## - MEDIA TYPE
Media type term sin medio
Source rdamedia
Media type code n
338 ## - CARRIER TYPE
Carrier type term volumen
Source rdacarrier
Carrier type code nc
490 0# - SERIES STATEMENT
Series statement Biblioteca del Estudiante Universitario ;
Volume/sequential designation 73
650 #7 - SUBJECT ADDED ENTRY--TOPICAL TERM
Source of heading or term armarc
Topical term or geographic name entry element Jesuitas
General subdivision Historia
Geographic subdivision México
650 #7 - SUBJECT ADDED ENTRY--TOPICAL TERM
Source of heading or term armarc
Topical term or geographic name entry element Jesuitas
Geographic subdivision México
Form subdivision Fuentes
700 1# - ADDED ENTRY--PERSONAL NAME
Personal name González de Cossío, Francisco,
Dates associated with a name 1913-
9 (RLIN) 11037
Relator term prologuista
-- compilador
942 ## - ADDED ENTRY ELEMENTS (KOHA)
Source of classification or shelving scheme Dewey Decimal Classification
Koha item type Libro
Classification part 271.530972
Item part C937
Existencias
Withdrawn status Lost status Source of classification or shelving scheme Damaged status Not for loan Collection code Home library Current library Shelving location Date acquired Source of acquisition Total Checkouts Full call number Barcode Date last seen Price effective from Koha item type
    Dewey Decimal Classification     General Biblioteca Karol Wojtyla Biblioteca Karol Wojtyla Sala general 08/06/2017 Compra   271.530972 C937 1995 95460 05/01/2026 08/06/2017 Libro